01298nam a22002177a 450000500170000000800410001704000290005804100080008708200210009510000310011624501680014726000550031530000350037050002710040550400410067650502290071750600210094665000450096765000360101265100320104820150821133432.0150729s1916 ck ||||| |||| 00| 0 spa d cSandra YazodSandra Yazo0 aspa04220a910.133098611 aRobledo, Emiliod1875-196110aGeografía médica Y nosologica del departamento de CaldasbPrecedida de una noticia historica sobre el descubrimietno y conquista del mismo cDr. Emilio Robledo aManizales (Colombia)bImprenta Departamentalc1916 axxi, 308 páginasc21 x 15 cm aDetalles físicos: Encuadernación flexible. Tapas con rotura y perdida parcial. Ejemplar en regular estado de conservación. Mapa al inicio de la obra. Portada impresa en una sola tinta.Texto en una columna. Notas al pie de página. Ilustraciones entre el texto aIncluye referencias bibliográficas2 aCompendio histórico del descubrimiento y conquista del territorio del actual departamento de Caldas, en la Republica a de Colombia ; Geografía médica del Departamento de Caldas ; Altimetría del Departamento de Caldas aConsulta en sala 7aGeografía médica zCaldas (Colombia) 7aNosología zCaldas (Colombia)04aCaldas (Colombia)xHistoria